| 000 | 02359cam a2200481 i 4500 | ||
|---|---|---|---|
| 001 | in903087753 | ||
| 003 | Ingram | ||
| 005 | 20251031113851.0 | ||
| 008 | 251017s2025 nyua b b 000 1 eng d | ||
| 010 | _a 2024945625 | ||
| 020 |
_a9781774880135 _q(hardback) |
||
| 020 |
_a177488013X _q(hardback) |
||
| 035 | _a(OCoLC)1452663045 | ||
| 040 |
_aTnLvILS _beng _erda _cTnLvILS _dTnLvILS |
||
| 050 | 4 |
_aPZ7.B1526 _bLen 2025 |
|
| 082 | 0 | 4 |
_a[E] _223/eng/20251017 |
| 100 | 1 |
_aBailey, Linda, _d1948- _eauthor. _943411 |
|
| 245 | 1 | 0 |
_aLena the chicken : _b(but really a dinosaur!) / _cLinda Bailey, K-Fai Steele. |
| 264 | 1 |
_aPlattsburgh, NY, USA : _bTundra, _c[2025] |
|
| 300 |
_a1 volume (unpaged) : _bcolor illustrations ; _c29 cm |
||
| 336 | _atext | ||
| 336 | _astill image | ||
| 337 | _aunmediated | ||
| 338 | _avolume | ||
| 504 | _aIncludes bibliographical references. | ||
| 521 | 1 | _a003-007. | |
| 521 | 2 | _aP-02. | |
| 520 |
_a"Lena lives in a chicken coop, and she looks a lot like a chicken. But deep down, she's convinced that she's a--DINOSAUR! She can feel it in her bones. Lena just doesn't understand the scaredy chickens in her family, and they don't understand her either, with her ferociousness and big ideas. The people on the farm are also baffled, except for little Madeline, who thinks Lena has personality. And then, when a dastardly weasel turns up and threatens the coop, Lena's fearful family chickens out again. It's up to Lena to unleash her inner dinosaur like never before--to save the coop and show this silly bunch of chickens how to stand up for themselves"-- _cProvided by publisher. |
||
| 650 | 0 |
_aChickens _vJuvenile fiction. _95692413 |
|
| 650 | 0 |
_aDinosaurs _vJuvenile fiction. _95675178 |
|
| 650 | 0 |
_aFriendship _vJuvenile fiction. _95673647 |
|
| 650 | 0 |
_aPersonality _vJuvenile fiction. _96554830 |
|
| 650 | 0 |
_aFamilies _vJuvenile fiction. _95674031 |
|
| 650 | 1 |
_aChickens _vFiction. _95686510 |
|
| 650 | 1 |
_aDinosaurs _vFiction. _95674710 |
|
| 650 | 1 |
_aFriendship _vFiction. _95673769 |
|
| 650 | 1 |
_aPersonality _vFiction. _96554831 |
|
| 650 | 1 |
_aFamilies _vFiction. _95674501 |
|
| 655 | 7 |
_aPicture books. _2lcgft |
|
| 655 | 7 |
_aHumorous fiction. _2lcgft |
|
| 655 | 7 |
_aAnimal fiction. _2lcgft _95748285 |
|
| 700 | 1 |
_aSteele, K-Fai, _eillustrator. _96359199 |
|
| 999 |
_c413140 _d413140 |
||